000 00683nam a22002055i 4500
001 166405
003 ES-MaACL
005 20240126063020.0
008 050914s1899 fr | |||||||| ||fre d
040 _aCAM
_bspa
_cCAM
100 1 _aTolstói, Lev,
_d1828-1910
_9110489
245 1 0 _aKatia
_b: (le bonheur dans la famille) /
_cpar le comte Léon Tolstoï; traduction de le comte d'Hauterive.
250 _a14e éd.
260 _aParis :
_bPerrin et c\pie\s libraires-éditeurs,
_c1899.
300 _a278 p. ;
_c18 cm.
752 _aFrancia -
_dParís
852 _aES-MaACL
_jF-9750
_z-- Enc. hol. conservando la cub. original
999 _c166405
_d166405